00000000cas 2200000zi 4500
0019.946328
003CaOODSP
00520251210094004
006m     o  d f      
007cr cn ||||||||
008241219c20189999oncar p o    f0###b0fre d
022 |a2818-9612
040 |aCaOODSP|bfre|erda|cCaOODSP
043 |an-cn---
0861 |aCC171-44F-PDF
1102 |aCommission canadienne de sûreté nucléaire.|eauteur, |eorganisme de publication.
222 0|aRapport de surveillance réglementaire pour les Laboratoires Nucléaires Canadiens
24510|aRapport de surveillance réglementaire pour les Laboratoires nucléaires canadiens = |bRegulatory oversight report for Canadian Nuclear Laboratories sites.
24631|aRegulatory oversight report for Canadian Nuclear Laboratories sites
264 1|aOttawa (Ontario) : |bCommission canadienne de sûreté nucléaire = Canadian Nuclear Safety Commission, |c[2019]-
310 |aAnnuel
336 |atexte|btxt|2rdacontent/fre
337 |ainformatique|bc|2rdamedia/fre
338 |aressource en ligne|bcr|2rdacarrier/fre
3621 |aParaît depuis : 2018.
500 |aPublié aussi en anglais sous le titre : Regulatory oversight report for Canadian Nuclear Laboratories sites.
500 |aAu tête du titre : Rapport de surveillance réglementaire, Laboratoires nucléaires canadiensn
588 |aDescription d'après : 2022; titre de la page couverture du fichier PDF.
588 |aDernière livraison consultée : 2022.
61026|aCommission canadienne de sûreté nucléaire|vPériodiques.
61026|aLaboratoires nucléaires canadiens |vPériodiques.
650 6|aÉnergie nucléaire|xRecherche|xPolitique gouvernementale|zCanada|vPériodiques.
655 7|aPériodiques|2rvmgf
77508|tRegulatory oversight report for Canadian Nuclear Laboratories sites = |w(CaOODSP)9.946326